00475nam a2200145Ia 4500008004100000041001200041082001100053100001500064245007500079260000600154650000600160942000700166999001700173952013900190221030s9999 xx 000 0 und d aEnglish a105.23 aB.D. Arora 2aA Hand Book of Electrical Wring Estimating and coastingcby B.D. Arora c0 aB cBK c10511d10511 pB 05l0o105.23 r2022-10-30 00:00:00w2022-10-30yBK003Print4070aMIETLIBbMIETLIBcBL-, FL-, CUP-0, SH-0, R-0d2012-05-2610HBE